In which states are the 50 largest cities of the United States ? - Statistics

General Stats
  • This quiz has been taken 37 times
  • The average score is 40 of 50
Answer Stats
Hint Answer % Correct
Phoenix Arizona
100%
Los Angeles California
100%
San Diego California
100%
San Francisco California
100%
New York New York
100%
Houston Texas
100%
Dallas Texas
100%
Austin Texas
100%
Chicago Illinois
97%
Oklahoma City Oklahoma
97%
Seattle Washington
97%
San Jose California
94%
Indianapolis Indiana
94%
Philadelphia Pennsylvania
94%
San Antonio Texas
94%
Denver Colorado
91%
Las Vegas Nevada
91%
Columbus Ohio
91%
Nashville Tennessee
91%
Sacramento California
86%
Miami Florida
86%
Boston Massachusetts
86%
Jacksonville Florida
83%
Atlanta Georgia
83%
Memphis Tennessee
83%
Fort Worth Texas
83%
Detroit Michigan
80%
Colorado Springs Colorado
77%
Portland Oregon
77%
El Paso Texas
77%
Tampa Florida
74%
Baltimore Maryland
74%
Omaha Nebraska
74%
Charlotte North Carolina
74%
Louisville Kentucky
71%
Minneapolis Minnesota
71%
Albuquerque New Mexico
71%
Virginia Beach Virginia
71%
Tucson Arizona
69%
Washington DC District of Columbia
69%
Fresno California
66%
Milwaukee Wisconsin
66%
Long Beach California
63%
Oakland California
63%
Kansas City Missouri
63%
Bakersfield California
60%
Raleigh North Carolina
60%
Tulsa Oklahoma
57%
Mesa Arizona
51%
Arlington Texas
34%
No matching quizzes found
Score Distribution
Percent of People with Each Score
Percentile by Number Answered
Your Score History
You have not taken this quiz